Five Nights at Freddys - All Foxys - Statistics

General Stats
  • This quiz has been taken 62 times
  • The average score is 11 of 17
Answer Stats
In What Game Answer % Correct
FNAF 1 Foxy
100%
FANF 4 Nightmare Foxy
100%
FNAF 2 Withered Foxy
100%
FNAF 3 Phantom Foxy
98%
Sister Location Funtime Foxy
94%
Pizza Sim Rockstar Foxy
83%
Sister Location Lolbit
74%
FNAF WORLD Adventure Foxy
57%
FNAF WORLD Adventure Phantom Foxy
53%
FNAF WORLD Adventure Nightmare Foxy
51%
FNAF WORLD Adventure Withered Foxy
51%
Help Wanted Grimm Foxy
49%
FNAF WORLD Adventure Funtime Foxy
47%
FNAF WORLD Adventure Lolbit
40%
Help Wanted Captain Foxy
30%
Help Wanted Dark Foxy
26%
FNAF WORLD Foxy.exe
17%
No matching quizzes found
Score Distribution
Percent of People with Each Score
Percentile by Number Answered
Your Score History
You have not taken this quiz